Ochrana spotrebiteľa

Právoplatné súdne rozhodnutie z oblasti ochrany spotrebiteľa. Zákon č. 634/1992 Zb. o ochrane spotrebiteľa v platnom znení v ustanovení ­ 8 ods. 1. Postup predávajúceho riady ATC Simone a Sabina v Banskej Bystrici - klamanie spotrebiteľa. Rozhodnutie súdu.

Gespeichert in:
Bibliographische Detailangaben
1. Verfasser: Vozár, Jozef
Format: Buchkapitel
Sprache:Slowakisch
Schlagworte:
Tags: Tag hinzufügen
Keine Tags, Fügen Sie das erste Tag hinzu!

MARC

LEADER 00000naa a2200000 4500
001 r034458
005 20230929100007.5
041 0 |a slo 
044 |a SK 
245 1 0 |a Ochrana spotrebiteľa  |c Jozef Vozár 
520 |a Právoplatné súdne rozhodnutie z oblasti ochrany spotrebiteľa. Zákon č. 634/1992 Zb. o ochrane spotrebiteľa v platnom znení v ustanovení ­ 8 ods. 1. Postup predávajúceho riady ATC Simone a Sabina v Banskej Bystrici - klamanie spotrebiteľa. Rozhodnutie súdu. 
610 2 0 |a ochrana spotrebiteľa 
610 2 0 |a spotrebitelia 
610 2 0 |a legislatíva 
610 2 0 |a konanie súdne občianske 
610 2 0 |a súdy 
610 2 0 |a inšpekcia štátna 
610 2 0 |a sankcie 
100 1 |a Vozár, Jozef